00321nam a2200121 a 4500008004100000050001500041100002400056245003500080250001300115260003900128300002300167350000900190120416s1973 ||||||||||||||||| || u aTN 690 Ree aReed-hill, Robert E10aPhysical metallurgy principles a2nd. ed. aNew YorkbLitton Educationalc1973 axiii, 920p. : ill. a0.00